| 000 | 00875nam a2200265Ia 4500 | ||
|---|---|---|---|
| 003 | OSt | ||
| 005 | 20221005103154.0 | ||
| 006 | a|||||r|||| 00| 0 | ||
| 007 | ta | ||
| 008 | 221004b |||||||| |||| 00| 0 hin d | ||
| 020 | _c300 | ||
| 024 | _a7171 | ||
| 037 |
_b91, 05/09/2013, Vani Prakashan _cTextual |
||
| 040 |
_aCRL _cCRL _bhin |
||
| 041 |
_2hin _ahin |
||
| 082 | _aNW44,N, 152N7 | ||
| 100 | _aमृत्युंजय | ||
| 245 | 0 | _aहिन्दी सिनेमा का सच | |
| 246 | _aHindī sinemā kā sacha | ||
| 260 |
_aकलकत्ता _bसमकालीन सृजन भारत _c1997 |
||
| 300 |
_a184पृ0 _ccm. |
||
| 650 | _aहिन्दी साहित्य | ||
| 942 |
_hNW44,N, 152N7 _cTEXL _2cc |
||
| 999 |
_c1009551 _d1009551 |
||